Statistiken für Länder, die Afrika am nächsten liegen

Klicken Sie hier um das Quiz zu spielen!

Allgemein

  • Dieses Quiz wurde 25.719 mal gespielt
  • Das Durchschnittsergebnis liegt bei 16 aus 20

Antwortstatistiken

kmLand% Korrekt
0Spanien
98%
144Italien
96%
202Portugal
92%
101Saudi-Arabien
92%
258Griechenland
90%
507Türkei
90%
183Israel
88%
450Frankreich
86%
20Jemen
85%
570Oman
84%
288Malta
83%
352Zypern
81%
365Syrien
77%
212Jordanien
75%
645Irak
73%
332Libanon
71%
549Vatikanstadt
53%
737Monaco
52%
637Andorra
50%
21Vereinigtes Königreich
(Gibraltar)
46%

Verteilung der Resultate

Perzentil nach korrekt beantworteten Fragen

Anzahl Personen mit jedem Resultat

Ihre Resultats-Entwicklung

Sie haben dieses Quiz noch nicht gespielt